Statistiques concernant Les 22 footballeurs les plus titrés

Cliquez ici pour prendre le quiz!

Statistiques générales

  • Ce quiz a été pris 13 213 fois
  • Le résultat moyen est 7 sur 22

Statistiques - réponses

ClassementTrophéesJoueurPays% Correct
6e25 titresCristiano RonaldoPortugal
98%
4e26 titresLionel MessiArgentine
98%
2e28 titresAndres IniestaEspagne
79%
1er29 titresDaniel AlvesBrésil
78%
11e22 titresXavi HernandezEspagne
76%
15e21 titresZlatan IbrahimovicSuède
54%
4e26 titresRyan GiggsPays de Galles
50%
2e28 titresGerard PiquéEspagne
46%
11e22 titresJohan CruyffPays-Bas
36%
15e21 titresPaolo MaldiniItalie
35%
7e24 titresKenny DalglishEcosse
33%
15e21 titresPedro RodriguezEspagne
8%
7e24 titresMaxwellBrésil
7%
10e23 titresBastian SchweinsteigerAllemagne
3%
20e19 titresFrank RijkaardPays-Bas
3%
15e21 titresPaco GentoEspagne
1%
11e22 titresThiago MottaItalie
1%
11e22 titresVitor BaiaPortugal
1%
20e19 titresAlessandro CostacurtaItalie
0%
7e24 titresOleksandr ShovkovskiyUkraine
0%
15e21 titresRoar StrandNorvège
0%
20e19 titresSerhiy RebrovUkraine
0%

Distribution des résultats

Percentile par nombre de réponses

% des personnes avec chaque résultat

Votre développement - résultats

Vous n’avez pas pris ce quiz